<?xml version="1.0" encoding="UTF-8"?>
<record
    xmlns:xsi="http://www.w3.org/2001/XMLSchema-instance"
    xsi:schemaLocation="http://www.loc.gov/MARC21/slim http://www.loc.gov/standards/marcxml/schema/MARC21slim.xsd"
    xmlns="http://www.loc.gov/MARC21/slim">

  <leader>02463nam a22003017a 4500</leader>
  <controlfield tag="001">261</controlfield>
  <controlfield tag="003">OSt</controlfield>
  <controlfield tag="005">20250317075440.0</controlfield>
  <controlfield tag="008">250224b        |||||||g |||| 00| 0 eng d</controlfield>
  <datafield tag="040" ind1=" " ind2=" ">
    <subfield code="b">por</subfield>
  </datafield>
  <datafield tag="041" ind1=" " ind2=" ">
    <subfield code="h">por</subfield>
  </datafield>
  <datafield tag="082" ind1=" " ind2=" ">
    <subfield code="a">B869.93</subfield>
    <subfield code="b">M538</subfield>
  </datafield>
  <datafield tag="100" ind1=" " ind2=" ">
    <subfield code="a">Mendes, Ivo</subfield>
    <subfield code="d">1933-2008</subfield>
    <subfield code="9">479</subfield>
  </datafield>
  <datafield tag="245" ind1=" " ind2=" ">
    <subfield code="a">Tem Base?!...2 /</subfield>
    <subfield code="c">Mendes, Ivo ; Ilustra&#xE7;&#xE3;o de Andr&#xE9; Castro</subfield>
  </datafield>
  <datafield tag="260" ind1=" " ind2=" ">
    <subfield code="a">belo Horizonte</subfield>
    <subfield code="b">Gr&#xE1;fica S&#xE3;o Geraldo</subfield>
    <subfield code="c">1999</subfield>
  </datafield>
  <datafield tag="300" ind1=" " ind2=" ">
    <subfield code="a">213 p.</subfield>
    <subfield code="b">il.</subfield>
  </datafield>
  <datafield tag="520" ind1=" " ind2=" ">
    <subfield code="a">O livro "TEM BASE?!...1, foi fruto da insist&#xEA;ncia dos meus amigos, o engenheiro Jos&#xE9; Furtado, de Arax&#xE1;, e do m&#xE9;dico Edmond Abras, de Belo Horizonte. Julguei que minha incurs&#xE3;o pela &#xE1;rea liter&#xE1;ria ficasse por a&#xED;. N&#xE3;o foi bem assim. Embora eu me retra&#xED;sse por um bom per&#xED;odo, as cobran&#xE7;as, mormente dos amigos de Ibi&#xE1; e Arax&#xE1;, eram constantes para que eu continuasse. O saudoso Nicolau Neto, jornalista e colunista social do jornal ESTADO DE MINAS, leu o livrinho e gostou dele. E tamb&#xE9;m passou a me cobrar continuidade, sugerindo que eu partisse para romances. Eu agradecia e permanecia est&#xE1;tico. Em fins do ano de 1997, recebi em minha casa a visita de Ana Paula Machado, do jornal O CLARIM, de Arax&#xE1;. Na ocasi&#xE3;o, a simp&#xE1;tica jornalista me fez um convite para colaborar com o jornal, me oferecendo espa&#xE7;o para uma coluna. Foi o recome&#xE7;o e da&#xED; as cobran&#xE7;as de intensificaram. E a&#xED; est&#xE1; o "TEM BASE?!...2".
Tra&#xE7;ar os retratos de nosso povo com humor, os "causos" que precisam ser registrados, me estimularam a lan&#xE7;ar este volume. Cada morador, cada companheiro, cada conhecido, fornece nas atitudes espont&#xE2;neas, nas quedas e saltos da vida, subs&#xED;dios para que eu me entusiasme e os coloque no papel.
Nosso povo &#xE9; uma riqueza imensa de piadas e pegadas e basta o olhar objetivo e vigilante para que aquilo se transforme numa folha do meu livro.
N&#xE3;o existe nenhuma raz&#xE3;o subjetiva no seu conte&#xFA;do. Trata-se t&#xE3;o somente do registro de "causos" pitorescos ocorridos no dia a dia da gente simples e ordeira de nossa regi&#xE3;o.
Quanto a sugest&#xE3;o do memor&#xE1;vel jornalista Nicolau Neto, s&#xF3; o futuro dir&#xE1;...
</subfield>
  </datafield>
  <datafield tag="650" ind1=" " ind2="0">
    <subfield code="a">Literatura Brasileira</subfield>
    <subfield code="9">205</subfield>
  </datafield>
  <datafield tag="650" ind1=" " ind2="0">
    <subfield code="a">Escritores Ibiaenses</subfield>
    <subfield code="9">480</subfield>
  </datafield>
  <datafield tag="650" ind1=" " ind2="0">
    <subfield code="a">Fatos Reais</subfield>
    <subfield code="9">33</subfield>
  </datafield>
  <datafield tag="650" ind1=" " ind2="0">
    <subfield code="a">Tradi&#xE7;&#xF5;es e Costumes</subfield>
    <subfield code="9">478</subfield>
  </datafield>
  <datafield tag="650" ind1=" " ind2="0">
    <subfield code="a">Causos</subfield>
    <subfield code="9">481</subfield>
  </datafield>
  <datafield tag="650" ind1=" " ind2="0">
    <subfield code="a">Historias curtas </subfield>
    <subfield code="9">67</subfield>
  </datafield>
  <datafield tag="655" ind1=" " ind2="0">
    <subfield code="a">Conto</subfield>
    <subfield code="9">68</subfield>
  </datafield>
  <datafield tag="655" ind1=" " ind2="0">
    <subfield code="a">N&#xE3;o Fic&#xE7;&#xE3;o</subfield>
    <subfield code="9">102</subfield>
  </datafield>
  <datafield tag="700" ind1=" " ind2=" ">
    <subfield code="a">Andr&#xE9; Castro</subfield>
    <subfield code="e">Ilustra&#xE7;&#xE3;o</subfield>
    <subfield code="9">482</subfield>
  </datafield>
  <datafield tag="942" ind1=" " ind2=" ">
    <subfield code="2">ddc</subfield>
    <subfield code="n">0</subfield>
    <subfield code="c">BK</subfield>
  </datafield>
  <datafield tag="952" ind1=" " ind2=" ">
    <subfield code="0">0</subfield>
    <subfield code="1">0</subfield>
    <subfield code="2">ddc</subfield>
    <subfield code="3">vol. 02</subfield>
    <subfield code="4">0</subfield>
    <subfield code="7">0</subfield>
    <subfield code="8">REV</subfield>
    <subfield code="a">BIBIB</subfield>
    <subfield code="b">BIBIB</subfield>
    <subfield code="c">LI</subfield>
    <subfield code="d">2025-02-24</subfield>
    <subfield code="e">doa&#xE7;&#xE3;o</subfield>
    <subfield code="l">0</subfield>
    <subfield code="o">B869.93 / M538</subfield>
    <subfield code="p">2025-17212</subfield>
    <subfield code="r">2025-02-24 13:54:09</subfield>
    <subfield code="t">Ex. 01</subfield>
    <subfield code="w">2025-02-24</subfield>
    <subfield code="y">BK</subfield>
  </datafield>
  <datafield tag="952" ind1=" " ind2=" ">
    <subfield code="0">0</subfield>
    <subfield code="1">0</subfield>
    <subfield code="2">ddc</subfield>
    <subfield code="3">vol. 02</subfield>
    <subfield code="4">0</subfield>
    <subfield code="7">0</subfield>
    <subfield code="8">REV</subfield>
    <subfield code="a">BIBIB</subfield>
    <subfield code="b">BIBIB</subfield>
    <subfield code="c">LI</subfield>
    <subfield code="d">2025-02-24</subfield>
    <subfield code="e">doa&#xE7;&#xE3;o</subfield>
    <subfield code="l">0</subfield>
    <subfield code="o">B869.93 / M538</subfield>
    <subfield code="p">2025-17213</subfield>
    <subfield code="r">2025-02-24 13:54:09</subfield>
    <subfield code="t">Ex. 02</subfield>
    <subfield code="w">2025-02-24</subfield>
    <subfield code="y">BK</subfield>
  </datafield>
  <datafield tag="999" ind1=" " ind2=" ">
    <subfield code="c">261</subfield>
    <subfield code="d">261</subfield>
  </datafield>
</record>
